Normal view
MARC view
- Chen, Fengwei.
Entry Personal Name
001 - CONTROL NUMBER
- control field: 53976
003 - CONTROL NUMBER IDENTIFIER
- control field: OSt
005 - DATE AND TIME OF LATEST TRANSACTION
- control field: 20240305081011.0
008 - FIXED-LENGTH DATA ELEMENTS
- fixed length control field: 240305|| aca||aabn | a|a d
040 ## - CATALOGING SOURCE
- Original cataloging agency: OSt
- Transcribing agency: OSt
100 ## - HEADING--PERSONAL NAME
- Personal name: Chen, Fengwei.
- Relator term: author.
670 ## - SOURCE DATA FOUND
- Source citation: Work cat.: (OSt): Chen, Fengwei. author., Dynamic reduced-order modeling of wireless power transfer systems via polynomial approximation /, July 2022.
